000 00624nam a2200241Ia 4500
003 OSt
005 20221005051053.0
006 a|||||r|||| 00| 0
007 ta
008 221004b |||||||| |||| 00| 0 eng d
024 _a76984
037 _cTextual
040 _aCRL
_cCRL
_beng
041 _2eng
_aeng
082 _aR3xM79x, G5
100 _aEinstein Albert
245 0 _aWorld as I see it
260 _aLondon
_b5 & 6 Johnson's Court Fleet Street E.C.4
_c1935
300 _a112p.
_ccm.
650 _aPHILOSOPHY
942 _hR3xM79x, G5
_cTEXL
_2cc
999 _c958223
_d958223